Protokol v modernej diplomacii

Rozhovor s prof. JUDr. Ľudovítom Tóthom, CSc., z Fakulty medzinárodných vzťahov Ekonomickej univerzity v Bratislave. Súčasné medzinárodné vzťahy. Poslanie a význam diplomatického protokolu.

Salvato in:
Dettagli Bibliografici
Autore principale: Hrvolová, Barbora
Altri autori: Tóth, Ľudovít
Natura: Capitolo di libro
Lingua:slovacco
Soggetti:
Tags: Aggiungi Tag
Nessun Tag, puoi essere il primo ad aggiungerne!!

MARC

LEADER 00000naa$a2200000$$$4500
001 0113721
005 20231006123718.3
041 0 |a slo 
044 |a SK 
245 1 0 |a Protokol v modernej diplomacii  |c Barbora Hrvolová, Ľudovít Tóth 
520 |a Rozhovor s prof. JUDr. Ľudovítom Tóthom, CSc., z Fakulty medzinárodných vzťahov Ekonomickej univerzity v Bratislave. Súčasné medzinárodné vzťahy. Poslanie a význam diplomatického protokolu. 
610 2 0 |a diplomacia 
610 2 0 |a diplomati 
610 2 0 |a vzťahy medzinárodné 
610 2 0 |a vzťahy zahraničné 
610 2 0 |a komunikácia multikultúrna 
610 2 0 |a kódexy etické 
610 2 0 |a etiketa 
100 1 |a Hrvolová, Barbora 
700 1 |a Tóth, Ľudovít